000 00313nam a2200133Ia 4500
008 260604s9999 xx 000 0 und d
020 _a9781032015842
082 _a158.1 ALT
100 _aTorin alter
_935849
245 0 _aPhilosophy of Mind
260 _bRoutledge
500 _aEducation, Coaching
942 _cBK
999 _c8682
_d8682